| 000 | 01629cam a2200229 4500 | ||
|---|---|---|---|
| 001 | ##L131921 | ||
| 008 | 051215n2004 000 0 eng u | ||
| 035 | _a(Sirsi) u131921 | ||
| 041 | 0 | _aeng | |
| 050 | 0 | 4 | _a306.026 $2 18 |
| 110 | 1 |
_aUnited Kingdom _bOffice of the Deputy Prime Minister |
|
| 245 | 0 | 0 |
_aLicensing in the private rented sector _bconsultation on the implementation of HMO licensing - regulatory impact assessment Housing Bill Part II _bHMO licensing |
| 260 |
_aLondon _bODPM _c2004 |
||
| 300 |
_a148p. _c30cm. |
||
| 520 | _aConsultation paper concentrating on measures to license Houses in Multiple Occupation (HMOs) and the secondary legislation needed to implement these in England. Seeks to explain government's proposals for licensing in the private sector generally and details the measures being taken to license HMOs and invites comment on how these powers should be implemented. Accompanied by a draft regulatory impact assessment which reviews the impacts expected from the HMO licensing provisions in the Housing Bill 2004. | ||
| 650 | 2 | 4 | _aHOUSING ACT 2004 PART II |
| 651 | 4 |
_aEngland _y886- |
|
| 690 | _aPROPERTY-RESIDENTIAL PROPERTY-RESIDENTIAL LANDLORD AND TENANT-RESIDENTIAL LANDLORD AND TENANT REFORM | ||
| 856 |
_uhttp://web.archive.org/web/20060320230434/http://www.odpm.gov.uk/index.asp?id=1157190 _zSummary of consultation responses on the web archive |
||
| 856 |
_uhttp://web.archive.org/web/20060320230436/http://www.odpm.gov.uk/pub/248/LicensinginthePrivateRentedSectorImplementationofHMOLicensingPDF798Kb_id1157248.pdf _z152 page consultation on the web archive |
||
| 942 |
_n0 _2ddc |
||
| 999 |
_c104902 _d104902 |
||